000 01339nam a22002057a 4500
999 _c57356
_d57356
005 20200601144116.0
008 200601c2018 ge ||||| |||| 00| 0 geo d
022 _a25874594
041 _ageo
245 _aქართული სამართლის ჟურნალი :
_bქართულ-ნორვეგიული კანონის უზენაესობის ასოციაციის პერიოდული გამოცემა; № 1; 2018 /
_cრედ. თეიმურაზ ანთელავა, თომას ფრობერგი; თარგმ. ეკა მეშველიანი
260 _aთბილისი,
_c2018.
300 _aV.
500 _aჟურნალის მეორე ყდა არის ინგლისურენოვანი
653 _aსამართალი
700 _aანთელავა, თეიმურაზ
_eრედაქტორი
_95274
700 _aფრობერგი, თომას
_eრედაქტორი
_98266
700 _aმეშველიანი, ეკა
_eმთაგმნელი
_98267
856 _uhttp://genolaw.ideadesigngroup.ge/uploads/publications/journals/1556104163GLJ-Journal-2-GEO-web.pdf
_yელ. ვერსია pdf
942 _2udc
_cCR